Liquid-liquid equilibria /
Guardado en:
| Autor Principal: | |
|---|---|
| Otros Autores: | , |
| Formato: | Libro |
| Idioma: | English Czech |
| Publicado: |
Amsterdam :
Elsevier,
1987.
|
| Series: | Studies in modern thermodynamics ;
7 |
| Materias: | |
| Etiquetas: |
Agregar Etiqueta
Sin Etiquetas, Sea el primero en etiquetar este registro!
|
| LEADER | 01091pam a22002895a 4500 | ||
|---|---|---|---|
| 001 | EIQ.libpla000636 | ||
| 008 | 861007s1987####ne#a#####b####001#0#eng#d | ||
| 005 | 20061110144157.0 | ||
| 245 | 1 | 0 | |a Liquid-liquid equilibria / |c Josef P. Novák, Jaroslav Matoués and Jiéri Pick. |
| 260 | |a Amsterdam : |b Elsevier, |c 1987. | ||
| 300 | |a 320 p. : |b il. ; |c 25 cm. | ||
| 440 | 0 | |a Studies in modern thermodynamics ; |v 7 | |
| 500 | |a "Published in co-edition with Academia, publishing house of the Czechoslovak Academy of Sciences, Prague"--T.p. verso. | ||
| 500 | |a Rev. y traducción actualizada de: Rovnováha kapalina-kapalina. | ||
| 504 | |a Bibliografía: p. 308-317. | ||
| 500 | |a Incluye índice. | ||
| 020 | |a 0444989757 | ||
| 100 | 1 | |a Novák, Josef P. | |
| 700 | 1 | |a Matoués, Jaroslav. | |
| 700 | 1 | |a Pick, Jiérí. | |
| 082 | 0 | 0 | |a 541.3/92 |2 19 |
| 650 | 4 | |a Termodinámica |x Equilibrio líquido-líquido. | |
| 650 | 4 | |a Thermodynamics |x Liquid-liquid equilibrium. | |
| 010 | |a 86024295 | ||
| 040 | |a DLC |c DLC |d AR-BbSID | ||
| 041 | 1 | |a eng |h cze | |
| 859 | |a AR-BbSID |b BIB. PLAPIQUI |h 541.363 |i N 66 |p 999 | ||
